[Event "XXI Ayto. de Erandio"]
[Site "Erandio"]
[Date "2012.12.22"]
[Round "1.1"]
[White "Gomez Esteban, Juan Mario"]
[Black "Rodriguez Cordero, Jose Manuel"]
[Result "1-0"]
[WhiteElo "2463"]
[BlackElo "1754"]

1. d4 e6 2. e4 d5 3. Nd2 Nf6 4. e5 Nfd7 5. f4 c5 6. c3 Nc6 7. Ndf3 Qb6 8. Ne2
cxd4 9. cxd4 Be7 10. Nc3 O-O 11. Na4 Qc7 12. Be2 Nb6 13. Nc3 a6 14. O-O Bd7 15.
Rf2 Na5 16. Bd3 Nbc4 17. b3 Ne3 18. Bxe3 Qxc3 19. Rc1 Qb4 20. Qc2 g6 21. Qc7
Rfd8 22. Bd2 Rac8 23. Qxc8 Rxc8 24. Rxc8+ Bxc8 25. Bxb4 Bxb4 26. Rc2 Bd7 27.
Rc7 Bc6 28. Kf2 Kf8 29. Ng5 Be7 30. Nxh7+ Ke8 31. Rc8+ Bd8 32. Ng5 Kd7 33.
Rxd8+ Kxd8 34. Nxf7+ Ke7 35. Nh8 1-0

[Event "XXI Ayto. de Erandio"]
[Site "Erandio"]
[Date "2012.12.22"]
[Round "1.2"]
[White "Gutierrez Renedo, Manuel"]
[Black "Kovacevic, Slobodan"]
[Result "0-1"]
[WhiteElo "1747"]
[BlackElo "2326"]

1. b3 c5 2. e3 b6 3. Bb2 Bb7 4. Nf3 e6 5. Be2 Nf6 6. d3 Be7 7. e4 O-O 8. O-O
Nc6 9. Nbd2 Qc7 10. Re1 a6 11. Bf1 e5 12. Nc4 d6 13. Ne3 g6 14. Nd2 b5 15. Be2
Nd4 16. c3 Ne6 17. c4 Nd4 18. Bxd4 cxd4 19. Ng4 Nd7 20. h3 Kg7 21. Nh2 Nc5 22.
Rc1 Qb6 23. Nhf3 Bc6 24. h4 Bd7 25. h5 Ra7 26. hxg6 fxg6 27. Kh2 b4 28. Rh1 a5
29. Kg1 a4 30. Ne1 axb3 31. axb3 Ra2 32. Ra1 Rfa8 33. Rxa2 Rxa2 34. Nc2 Bg5 35.
Nf3 Bh6 36. Qb1 Ra7 37. Qe1 Rb7 38. Qb1 Ne6 39. Nh2 Nf4 40. Qe1 Bg5 41. g3 Ne6
42. Nf3 Bf6 43. Qd2 Kg8 44. Kg2 Nc5 45. Rb1 Bc8 46. Nh2 Bd7 47. Bg4 Be8 48. Kf1
Kg7 49. Ke2 h5 50. Bh3 Bf7 51. Bc8 Rb8 52. Bh3 Bg8 53. Nf3 Be7 54. Nh2 Qb7 55.
Nf3 Nxe4 56. Qxb4 Nc3+ 0-1

[Event "XXI Ayto. de Erandio"]
[Site "Erandio"]
[Date "2012.12.22"]
[Round "1.3"]
[White "Mate Adan, Carlos"]
[Black "Ramos Espinosa, Didier"]
[Result "1-0"]
[WhiteElo "2255"]
[BlackElo "1737"]

1. d4 d5 2. Nf3 Nf6 3. Bf4 c6 4. e3 Bg4 5. c4 dxc4 6. Bxc4 e6 7. h3 Bh5 8. Nc3
Nbd7 9. O-O Nb6 10. Be2 Nbd5 11. Be5 Nxc3 12. bxc3 Be7 13. Rb1 b5 14. c4 a6 15.
a4 b4 16. Bxf6 gxf6 17. c5 a5 18. Nd2 Bg6 19. Rb2 O-O 20. Nc4 e5 21. Bf3 e4 22.
Be2 Kh8 23. Bh5 Bf5 24. Bg4 Bg6 25. f4 exf3 26. Qxf3 Bd3 27. Bf5 Bxf5 28. Qxf5
Qd5 29. Qxd5 cxd5 30. Nb6 Rad8 31. Rf5 Rfe8 32. Rxd5 Rxd5 33. Nxd5 Bf8 34. Kf2
Bg7 35. Kf3 Rc8 36. Rb1 Rc6 37. g4 Bf8 38. Ke4 Kg7 39. Kf5 Re6 40. Rc1 Rc6 41.
e4 b3 42. Rb1 1-0

[Event "XXI Ayto. de Erandio"]
[Site "Erandio"]
[Date "2012.12.22"]
[Round "1.4"]
[White "Espinosa Cancino, Miguel"]
[Black "Trigo Urquijo, Sergio"]
[Result "0-1"]
[WhiteElo "1728"]
[BlackElo "2233"]

1. d4 d6 2. Nf3 Nf6 3. c4 g6 4. Nc3 Bg7 5. e4 O-O 6. Be2 Nbd7 7. O-O e5 8. d5
Nc5 9. Qc2 a5 10. Be3 b6 11. a3 a4 12. Nd2 Bd7 13. f3 Nh5 14. b4 axb3 15. Nxb3
Nxb3 16. Qxb3 Nf4 17. Rfe1 h5 18. Bf1 g5 19. g3 Nh3+ 20. Kh1 g4 21. Bxh3 gxh3
22. Rg1 f5 23. exf5 Rxf5 24. g4 Rxf3 25. gxh5 Rxe3 26. h6 Qf6 27. Rxg7+ Kh8 28.
Qd1 Rxc3 29. Rxd7 Qf4 30. Rg7 Qe4+ 31. Kg1 Rc2 32. Qg4 Rg2+ 0-1

[Event "XXI Ayto. de Erandio"]
[Site "Erandio"]
[Date "2012.12.22"]
[Round "1.5"]
[White "Arias Garcia, Luis Javier"]
[Black "Francisco Etxebarria, Jon Ando"]
[Result "1-0"]
[WhiteElo "2217"]
[BlackElo "1727"]

1. e4 c6 2. d3 d5 3. Nd2 dxe4 4. dxe4 Nf6 5. Ngf3 Bg4 6. h3 Bh5 7. Bc4 e6 8. e5
Nd5 9. Ne4 Nd7 10. g4 Bg6 11. Ng3 Qc7 12. Qe2 Bb4+ 13. Kf1 O-O-O 14. a4 h5 15.
Kg2 hxg4 16. hxg4 Rde8 17. c3 Bc5 18. Re1 f6 19. a5 fxe5 20. Nxe5 Nxe5 21. Qxe5
Bd6 22. Qg5 Qf7 23. Bxd5 exd5 24. Rxe8+ Qxe8 25. Bf4 Bxf4 26. Qxf4 Be4+ 27. Kg1
1-0

[Event "XXI Ayto. de Erandio"]
[Site "Erandio"]
[Date "2012.12.22"]
[Round "1.6"]
[White "Cendagortagalarza Rodriguez, J."]
[Black "Ruiz Maraña, Alejandro"]
[Result "1/2-1/2"]
[WhiteElo "1726"]
[BlackElo "2206"]

1. e4 c6 2. d4 g6 3. Nc3 Bg7 4. f4 d5 5. e5 Nh6 6. Nf3 O-O 7. a4 Bg4 8. Bd3 f6
9. O-O c5 10. Be2 Nc6 11. exf6 exf6 12. dxc5 d4 13. Nb5 Qe7 14. Nd6 b6 15. Bb5
Qc7 16. Bc4+ Kh8 17. Nb5 Qe7 18. cxb6 axb6 19. b3 Rfd8 20. Bd2 Qc5 21. Bd3 Rac8
22. Qc1 Bf5 23. Qa3 Qd5 24. Bc4 Qd7 25. Rac1 Ng4 26. Rfe1 Re8 27. Rxe8+ Rxe8
28. Qd6 Ne3 29. Qxd7 Bxd7 30. Bd3 f5 31. Nd6 Re7 32. Nc4 Nd5 33. Re1 Rxe1+ 34.
Nxe1 Bf8 35. Kf2 Kg7 36. g3 Bc5 37. Nf3 Nf6 38. Nfe5 Be8 39. Nxc6 1/2-1/2

[Event "XXI Ayto. de Erandio"]
[Site "Erandio"]
[Date "2012.12.22"]
[Round "1.7"]
[White "Prieto Aranguren, Alain"]
[Black "Valverde Urbano, Alejandro"]
[Result "1-0"]
[WhiteElo "2193"]
[BlackElo "1722"]

1. d4 e6 2. e4 Nf6 3. e5 Nd5 4. c4 Nb6 5. Bd3 d6 6. exd6 cxd6 7. Nf3 Be7 8. O-O
O-O 9. Qc2 h6 10. Nc3 N8d7 11. Re1 Nf6 12. b3 Re8 13. Bb2 Bd7 14. Rad1 Bc6 15.
Nd2 d5 16. c5 Nbd7 17. b4 a6 18. a4 Nb8 19. b5 Bd7 20. Nf3 Bc8 21. Ne5 Bf8 22.
Ne2 {...} 1-0

[Event "XXI Ayto. de Erandio"]
[Site "Erandio"]
[Date "2012.12.22"]
[Round "1.9"]
[White "Diaz Herrero, Alvaro"]
[Black "Cerezo Goikolea, Pedro Maria"]
[Result "1-0"]
[WhiteElo "2138"]
[BlackElo "1688"]

1. d4 b6 2. Nf3 Bb7 3. g3 e6 4. Bg2 d5 5. O-O Nd7 6. c4 Ngf6 7. cxd5 exd5 8.
Nc3 c6 9. Re1 Ne4 10. Nxe4 dxe4 11. Ng5 f5 12. f3 Qe7 13. fxe4 h6 14. Nh3 fxe4
15. Nf4 g5 16. Ng6 Qe6 17. Nxh8 O-O-O 18. Qb3 Qf6 19. Nf7 Re8 20. Be3 Re6 21.
Rf1 Qe7 22. Bh3 Rd6 23. Nxd6+ Qxd6 24. Bxd7+ Kxd7 25. Qf7+ Be7 26. Qf5+ Kd8 27.
Rad1 Bc8 28. Qxe4 Bh3 29. Rf7 Be6 30. Rxe7 Qxe7 31. d5 cxd5 32. Qe5 Kd7 33. Rc1
1-0

[Event "XXI Ayto. de Erandio"]
[Site "Erandio"]
[Date "2012.12.22"]
[Round "1.10"]
[White "Sedano Rodriguez, Ruben"]
[Black "Porras Campo, Ruben"]
[Result "0-1"]
[WhiteElo "1687"]
[BlackElo "2093"]

1. e4 c5 2. Nf3 e6 3. d4 cxd4 4. Nxd4 a6 5. Nc3 Qc7 6. Be3 Nf6 7. Bd3 Bb4 8.
Bd2 Nc6 9. Nf3 d6 10. h3 Bc5 11. a3 b5 12. Qe2 e5 13. Be3 Be6 14. Ng5 Nd4 15.
Nxe6 fxe6 16. Qd2 O-O 17. Ne2 Qb7 18. Ng3 Rac8 19. c3 Nb3 20. Qd1 Nxa1 21. Qxa1
Bxe3 22. fxe3 Nd7 23. Qa2 Nc5 24. Bc2 Qf7 25. Rf1 Qg6 26. b4 Qxg3+ 0-1

[Event "XXI Ayto. de Erandio"]
[Site "Erandio"]
[Date "2012.12.22"]
[Round "2.1"]
[White "Goiria Egidazu, Jon Asel"]
[Black "Gomez Esteban, Juan Mario"]
[Result "0-1"]
[WhiteElo "1923"]
[BlackElo "2463"]

1. e4 c5 2. Nc3 Nc6 3. f4 g6 4. Nf3 Bg7 5. Bb5 Nd4 6. O-O a6 7. Bc4 e6 8. d3
Ne7 9. Nxd4 cxd4 10. Ne2 b5 11. Bb3 Bb7 12. Qe1 f5 13. e5 Nc6 14. Qf2 Qb6 15.
c3 Bf8 16. Nxd4 Nxd4 17. cxd4 Bc6 18. Be3 Qb7 19. Bd1 Be7 20. Bf3 Bxf3 21. Qxf3
Qxf3 22. Rxf3 Rc8 23. Rff1 d6 24. Rac1 Kd7 25. Kf2 Rhg8 26. Rxc8 Rxc8 27. Rc1
Rxc1 28. Bxc1 Kc6 29. b3 Kd5 30. Ke3 g5 31. g3 g4 32. Ba3 a5 33. Bb2 Bd8 34.
Bc3 Bb6 35. Bb2 b4 36. Ba1 dxe5 37. fxe5 Bd8 38. Kf4 h6 39. Ke3 Bg5+ 40. Ke2 f4
41. Bb2 f3+ 42. Kf2 0-1

[Event "XXI Ayto. de Erandio"]
[Site "Erandio"]
[Date "2012.12.22"]
[Round "2.2"]
[White "Kovacevic, Slobodan"]
[Black "Del Cerro Angulo, Alejandro"]
[Result "1-0"]
[WhiteElo "2326"]
[BlackElo "1916"]

1. d4 d5 2. Bf4 Bf5 3. e3 e6 4. c4 c6 5. Qb3 Qb6 6. c5 Qxb3 7. axb3 Nf6 8. h3
h6 9. Nc3 a6 10. b4 Be7 11. b5 O-O 12. Nf3 Nbd7 13. b6 Ne4 14. Nxe4 Bxe4 15. b4
Bxf3 16. gxf3 Bf6 17. Bd6 Rfe8 18. f4 Be7 19. Bxe7 Rxe7 20. b5 cxb5 21. Bxb5
Nb8 22. Kd2 f6 23. Ba4 Kf8 24. Rhc1 e5 25. fxe5 fxe5 26. Kd3 e4+ 27. Ke2 Nd7
28. c6 Nxb6 29. cxb7 Rb8 30. Bc6 Rexb7 31. Bxb7 Rxb7 1-0

[Event "XXI Ayto. de Erandio"]
[Site "Erandio"]
[Date "2012.12.22"]
[Round "2.3"]
[White "Cuero Reid, Maximo Javier"]
[Black "Mate Adan, Carlos"]
[Result "0-1"]
[WhiteElo "1886"]
[BlackElo "2255"]

1. d4 c5 2. Nf3 d5 3. Bg5 Nc6 4. e3 cxd4 5. exd4 Nf6 6. Nbd2 Bg4 7. c3 e6 8.
Bd3 Bd6 9. Qb1 Bh5 10. O-O Bg6 11. Re1 Qc7 12. a3 O-O 13. Bxg6 hxg6 14. Qd3
Rfc8 15. Rac1 Rab8 16. h3 Nd7 17. c4 dxc4 18. Nxc4 Bf4 19. Bxf4 Qxf4 20. g3 Qc7
21. Qe4 Nf6 22. Qh4 Qd8 23. Rcd1 Qd5 24. Nce5 Nxe5 25. Nxe5 Rc2 26. b3 Rbc8 27.
Qf4 Qxb3 28. g4 R8c7 29. Re3 R7c3 0-1

[Event "XXI Ayto. de Erandio"]
[Site "Erandio"]
[Date "2012.12.22"]
[Round "2.4"]
[White "Trigo Urquijo, Sergio"]
[Black "Fernandez Rivera, Igor"]
[Result "1-0"]
[WhiteElo "2233"]
[BlackElo "1903"]

1. e4 d6 2. d4 Nf6 3. Nc3 g6 4. Nf3 Bg7 5. Be2 c6 6. O-O Nbd7 7. e5 dxe5 8.
dxe5 Ng4 9. e6 Nde5 10. Qxd8+ Kxd8 11. Rd1+ Ke8 12. Nd4 Nh6 13. f4 Neg4 14. h3
Bxd4+ 15. Rxd4 Nf5 16. exf7+ Kxf7 17. Bc4+ Ke8 18. Re4 Nd6 19. hxg4 Nxe4 20.
Nxe4 Bxg4 21. Bd2 Rd8 22. Re1 h5 23. Bc3 Rf8 24. Nf6+ Rxf6 25. Bxf6 Rd1 26.
Rxd1 Bxd1 27. Bd4 Bxc2 28. Bxa7 Kd7 29. Bc5 Bf5 30. Kf2 e6 31. Ke3 Kc7 32. Kd4
b6 33. Bf8 1-0

[Event "XXI Ayto. de Erandio"]
[Site "Erandio"]
[Date "2012.12.22"]
[Round "2.5"]
[White "Arana Garate, Jon"]
[Black "Arias Garcia, Luis Javier"]
[Result "0-1"]
[WhiteElo "1885"]
[BlackElo "2217"]

1. d4 Nf6 2. Nf3 g6 3. Bf4 Bg7 4. e3 O-O 5. Nbd2 c5 6. c3 b6 7. Qb3 d6 8. h3
Nc6 9. Be2 Bf5 10. O-O e5 11. Bh2 e4 12. Ne1 Be6 13. Qa4 Na5 14. dxc5 dxc5 15.
Nxe4 Nxe4 16. Qxe4 Bf5 17. Qa4 Qd2 18. Bf3 Qxb2 19. Rd1 Rac8 20. c4 Qb4 21.
Qxb4 cxb4 22. Bd6 Rfd8 23. Bxb4 Nxc4 24. Rxd8+ Rxd8 25. Be2 Nd2 26. Bxd2 Rxd2
27. Bc4 Be6 28. Nf3 Rb2 29. Bxe6 fxe6 30. Ng5 Rxa2 31. Nxe6 Bf6 32. Rd1 a5 33.
Nc7 Ra1 34. Rxa1 Bxa1 35. Nd5 b5 36. Kf1 Kf7 37. Ke2 Be5 38. Kd3 Ke6 39. e4 Kd6
40. f4 Bb2 41. g4 a4 42. Kc2 Bd4 43. Nb4 Kc5 44. Nd3+ Kc4 45. Ne5+ Bxe5 46.
fxe5 Kc5 47. Kd3 b4 48. e6 Kd6 0-1

[Event "XXI Ayto. de Erandio"]
[Site "Erandio"]
[Date "2012.12.22"]
[Round "2.6"]
[White "Perez Palma, Jesus Maria"]
[Black "Prieto Aranguren, Alain"]
[Result "1/2-1/2"]
[WhiteElo "1882"]
[BlackElo "2193"]

1. Nf3 Nf6 2. g3 g6 3. Bg2 Bg7 4. O-O O-O 5. d4 d6 6. c4 Nbd7 7. Nc3 c6 8. e4
e5 9. Re1 Qb6 10. d5 cxd5 11. cxd5 Nc5 12. h3 Bd7 13. Rb1 a5 14. Be3 Rac8 15.
Qe2 Qa6 16. Qxa6 Nxa6 17. Bb6 a4 18. Bf1 Nc5 19. Nd2 Ne8 20. Nc4 f5 21. Bxc5
Rxc5 22. Nb6 Nf6 23. Nxd7 Nxd7 24. Nxa4 Rc2 25. Bd3 Rd2 26. Rbd1 Rxd1 27. Rxd1
fxe4 28. Bxe4 Rc8 29. Rd2 b5 30. Nc3 b4 31. Nb5 Bf8 32. Rc2 Nc5 33. Bf3 Rb8 34.
Na7 Ra8 35. Nc6 e4 36. Be2 Rxa2 37. Nxb4 1/2-1/2

[Event "XXI Ayto. de Erandio"]
[Site "Erandio"]
[Date "2012.12.22"]
[Round "2.7"]
[White "Peña Ugarte, Fco. Jesus"]
[Black "Diaz Herrero, Alvaro"]
[Result "0-1"]
[WhiteElo "1848"]
[BlackElo "2138"]

1. e4 c5 2. Nf3 d6 3. d4 Nc6 4. Nc3 cxd4 5. Nxd4 g6 6. f3 Bg7 7. Be3 Nf6 8. Qd2
O-O 9. h4 d5 10. O-O-O Nxd4 11. Bxd4 dxe4 12. Bxf6 Qxd2+ 13. Rxd2 exf6 14. Nxe4
Bh6 15. Nxf6+ Kg7 16. Ne4 Bf5 17. Bd3 Bxd2+ 18. Kxd2 Rfd8 19. Ke3 h5 20. Rg1
Re8 21. Kf4 Rad8 22. Ra1 Re7 23. a4 Bxe4 24. fxe4 Rd4 25. Kf3 Rb4 26. Ra2 Rd4
27. Ra1 Kf6 28. Ra2 Ke5 29. Ra1 Re6 30. a5 a6 31. Ra3 Rb4 32. Ra2 f5 33. exf5
Rf4+ 34. Ke3 gxf5 35. g3 Rg4 36. Kf3 Reg6 0-1

[Event "XXI Ayto. de Erandio"]
[Site "Erandio"]
[Date "2012.12.22"]
[Round "2.8"]
[White "Porras Campo, Ruben"]
[Black "Salas Martin, Javier"]
[Result "1-0"]
[WhiteElo "2093"]
[BlackElo "1804"]

1. d4 Nf6 2. c4 e6 3. Nc3 Bb4 4. f3 d5 5. a3 Bxc3+ 6. bxc3 O-O 7. e3 b6 8. cxd5
exd5 9. Bd3 Ba6 10. Ne2 Bxd3 11. Qxd3 Re8 12. O-O Nbd7 13. c4 c6 14. Bd2 Rc8
15. Rac1 Nf8 16. cxd5 cxd5 17. Qa6 Qd7 18. Nf4 Ng6 19. Nd3 Ne7 20. Ne5 Qf5 21.
Qxa7 Ra8 22. Qc7 Rac8 23. Qxb6 Rc2 24. e4 dxe4 25. Rxc2 exf3 26. Qb3 Ned5 27.
Rxf3 Qe4 28. Qd3 Qh4 29. Rh3 1-0

[Event "XXI Ayto. de Erandio"]
[Site "Erandio"]
[Date "2012.12.22"]
[Round "2.9"]
[White "Bergara Ede, Josu"]
[Black "Diez Fraile, Mariano"]
[Result "1-0"]
[WhiteElo "1848"]
[BlackElo "2083"]

1. e4 d6 2. d4 Nf6 3. Nc3 g6 4. f4 Bg7 5. Nf3 O-O 6. Bd3 Nc6 7. O-O e5 8. fxe5
dxe5 9. d5 Ne7 10. Nxe5 Nxe4 11. Nxf7 Nxc3 12. Nxd8 Nxd1 13. Rxd1 Rxd8 14. Bg5
Rd7 15. Bc4 Nf5 16. d6+ Kh8 17. dxc7 Bd4+ 18. Rxd4 1-0

[Event "XXI Ayto. de Erandio"]
[Site "Erandio"]
[Date "2012.12.23"]
[Round "3.1"]
[White "Torres Garcia, Koldo"]
[Black "Trigo Urquijo, Sergio"]
[Result "0-1"]
[WhiteElo "2027"]
[BlackElo "2233"]

1. e4 d6 2. Nc3 Nf6 3. d4 e5 4. f4 exd4 5. Qxd4 Nc6 6. Qe3 g6 7. Bd2 Bg7 8. h3
O-O 9. O-O-O Re8 10. Bc4 Na5 11. Bd3 c5 12. Bb5 Bd7 13. Bxd7 Qxd7 14. Nf3 b5
15. e5 b4 16. Ne4 Nxe4 17. Qxe4 d5 18. Qd3 Rac8 19. c3 b3 20. a3 Nc4 21. Kb1
Nxa3+ 22. bxa3 c4 23. Qe2 Qf5+ 24. Ka1 Qc2 0-1

[Event "XXI Ayto. de Erandio"]
[Site "Erandio"]
[Date "2012.12.23"]
[Round "3.2"]
[White "Arias Garcia, Luis Javier"]
[Black "Bergara Ede, Josu"]
[Result "1-0"]
[WhiteElo "2217"]
[BlackElo "1848"]

1. c4 Nf6 2. Nc3 g6 3. g3 Bg7 4. Bg2 O-O 5. Nf3 d6 6. d4 Nbd7 7. O-O e5 8. h3
exd4 9. Nxd4 Re8 10. b3 a6 11. Bb2 Rb8 12. e3 Ne5 13. f4 Nc6 14. Nxc6 bxc6 15.
Re1 d5 16. c5 Ne4 17. Bxe4 dxe4 18. Kg2 Be6 19. Rc1 Qc8 20. g4 Rd8 21. Qe2 Qd7
22. Red1 Qe7 23. Kg3 Rxd1 24. Rxd1 f5 25. Na4 fxg4 26. hxg4 h5 27. gxh5 gxh5
28. Qxh5 Bxb2 29. Nxb2 Qg7+ 30. Qg5 Qxg5+ 31. fxg5 Rf8 32. Re1 Rf3+ 33. Kg2 Kg7
34. Na4 Kg6 35. Nc3 Bd5 36. Nb1 Kxg5 37. Nd2 Rf8 38. Rh1 Rf7 39. Rh8 Rd7 40.
Kf2 Kf5 41. Ra8 Rh7 42. Nf1 Ke5 43. Rxa6 Rf7+ 44. Ke1 Rh7 45. Ra8 Be6 46. Rf8
Kd5 47. Nd2 Rh1+ 48. Rf1 Rxf1+ 49. Kxf1 Bc8 50. Ke1 Ba6 51. Kd1 Bd3 52. Kc1 Ke5
53. Kb2 Kf5 54. Kc3 Kg4 55. Kd4 Kf5 56. a4 Bc2 57. a5 Bd3 58. Nc4 1-0

[Event "XXI Ayto. de Erandio"]
[Site "Erandio"]
[Date "2012.12.23"]
[Round "3.4"]
[White "Padilla Cabero, Pablo"]
[Black "Gamarra Rodriguez, Victor Manu"]
[Result "1-0"]
[WhiteElo "2171"]
[BlackElo "1647"]

1. e4 c6 2. d4 d5 3. e5 Bf5 4. g4 Bd7 5. Nh3 e6 6. Nf4 Qb6 7. c4 Bb4+ 8. Nc3
Ne7 9. a3 Bxc3+ 10. bxc3 Ng6 11. Nh5 Rg8 12. c5 Qd8 13. Bd3 b6 14. cxb6 axb6
15. Be3 Na6 16. O-O f6 17. Qc2 Kf7 18. f4 f5 19. gxf5 exf5 20. Bxf5 Nh4 21.
Bxd7 Qxd7 22. f5 Ke7 23. Bg5+ 1-0

[Event "XXI Ayto. de Erandio"]
[Site "Erandio"]
[Date "2012.12.23"]
[Round "3.6"]
[White "Cendagortagalarza Rodriguez, J."]
[Black "Perez Palma, Jesus Maria"]
[Result "0-1"]
[WhiteElo "1726"]
[BlackElo "1882"]

1. e4 e6 2. d4 d5 3. Be3 dxe4 4. Nd2 f5 5. f3 exf3 6. Ngxf3 Be7 7. Bd3 Nf6 8.
Qe2 Nc6 9. c3 a6 10. O-O-O O-O 11. Bf4 Nd5 12. g3 b5 13. Kb1 b4 14. c4 Nxf4 15.
gxf4 Nxd4 16. Nxd4 Qxd4 17. Rhg1 Bf6 18. Nf3 Qxf4 19. Rg3 e5 20. Rdg1 e4 21.
Qg2 Rf7 22. Ng5 Bxg5 23. Rxg5 Qe5 24. Bxe4 Qxe4+ 0-1

[Event "XXI Ayto. de Erandio"]
[Site "Erandio"]
[Date "2012.12.23"]
[Round "3.7"]
[White "Lopez De Castro, Joseph"]
[Black "Asensio Ariño, Juan Angel"]
[Result "1-0"]
[WhiteElo "1794"]
[BlackElo "1645"]

1. e4 c5 2. Nc3 e6 3. g3 Nc6 4. Bg2 Nf6 5. Nge2 Be7 6. O-O O-O 7. d3 e5 8. f4
d6 9. h3 a6 10. g4 exf4 11. Nxf4 Ne5 12. Nce2 b5 13. c3 Bb7 14. d4 Nc6 15. Ng3
Qc7 16. g5 Nd7 17. Nd5 Qd8 18. h4 Nb6 19. Ne3 f6 20. Nef5 fxg5 21. Nxe7+ Nxe7
22. Bxg5 Qd7 23. Kh2 h6 24. Bxe7 Qxe7 25. Nf5 Qe6 26. Qg4 Rf7 27. Rae1 Raf8 28.
Qg3 Nc8 29. Bh3 Kh7 30. Nxg7 Qxa2 31. Bf5+ Kh8 32. Qg6 Rxg7 33. Qxh6+ Kg8 34.
Be6+ Qxe6 35. Qxe6+ Rff7 36. Rxf7 Rxf7 37. Rf1 1-0

[Event "XXI Ayto. de Erandio"]
[Site "Erandio"]
[Date "2012.12.23"]
[Round "3.9"]
[White "Diez Fraile, Mariano"]
[Black "Francisco Etxebarria, Jon Ando"]
[Result "1-0"]
[WhiteElo "2083"]
[BlackElo "1727"]

1. d4 d5 2. Nf3 Nf6 3. g3 e6 4. Bg2 c5 5. O-O Nc6 6. dxc5 Bxc5 7. c4 O-O 8.
cxd5 exd5 9. a3 Be6 10. b4 Be7 11. Bb2 Qd7 12. Nbd2 Rfd8 13. Nb3 Rac8 14. Rc1
Ne4 15. Ne5 Nxe5 16. Bxe5 Rxc1 17. Qxc1 Rc8 18. Qb2 Bf6 19. Bxe4 Bxe5 20. Bxh7+
Kxh7 21. Qxe5 Qa4 22. Nc5 Qxa3 23. Nxe6 fxe6 24. Qxe6 Rc4 25. Qf5+ Kg8 26.
Qxd5+ 1-0

[Event "XXI Ayto. de Erandio"]
[Site "Erandio"]
[Date "2012.12.23"]
[Round "3.10"]
[White "Uria Ramirez, Aitor"]
[Black "Cerezo Goikolea, Pedro Maria"]
[Result "0-1"]
[WhiteElo "1966"]
[BlackElo "1688"]

1. e4 b6 2. d4 Bb7 3. Bd3 f5 4. exf5 Bxg2 5. Qh5+ g6 6. fxg6 Bg7 7. gxh7+ Kf8
8. hxg8=Q+ Kxg8 9. Qg4 Bxh1 10. f3 Nc6 11. Be3 Rxh2 12. Nd2 e6 13. Bf2 Qf6 14.
c3 Rf8 15. Nf1 Rg2 16. Qh5 Qh6 17. Qxh6 Bxh6 18. Ng3 Rh2 19. Nxh1 Rxh1 20. Ke2
Bg5 21. Bg3 Bf4 22. Kf2 Bxg3+ 23. Kxg3 Rf6 24. Rb1 Ne7 25. Kg2 Rfh6 26. Ne2
Rxb1 27. Bxb1 Nd5 28. Be4 Ne3+ 29. Kg3 d5 30. Bd3 Kg7 31. Bb5 Kf6 32. Bd3 a5
33. b3 Rh8 34. Kf2 Nd1+ 35. Kg2 Nb2 36. Bc2 c5 37. Kg3 e5 38. dxe5+ Kxe5 39.
Kg2 Kd6 40. Kg1 b5 41. a3 a4 42. b4 Nc4 43. bxc5+ Kxc5 44. Nd4 Nxa3 45. Bd3 Nc4
46. Kg2 Re8 47. Ne2 Rxe2+ 0-1

[Event "XXI Ayto. de Erandio"]
[Site "Erandio"]
[Date "2012.12.26"]
[Round "4.1"]
[White "Trigo Urquijo, Sergio"]
[Black "Arias Garcia, Luis Javier"]
[Result "1/2-1/2"]
[WhiteElo "2233"]
[BlackElo "2217"]

1. e4 d6 2. d4 Nf6 3. Nc3 g6 4. Nf3 Bg7 5. Be2 O-O 6. O-O c6 7. h3 Nbd7 8. e5
dxe5 9. dxe5 Nd5 10. Nxd5 cxd5 11. Qxd5 Nxe5 12. Qxd8 1/2-1/2

[Event "XXI Ayto. de Erandio"]
[Site "Erandio"]
[Date "2012.12.26"]
[Round "4.3"]
[White "Garrido Legarreta, Jose Javier"]
[Black "Kovacevic, Slobodan"]
[Result "0-1"]
[WhiteElo "2057"]
[BlackElo "2326"]

1. e4 c5 2. Nf3 e6 3. d4 cxd4 4. Nxd4 a6 5. Nc3 Qc7 6. Bd3 Nf6 7. O-O d6 8. Be3
Nbd7 9. f4 Be7 10. Kh1 b5 11. Qe2 Bb7 12. a3 O-O 13. g4 Nc5 14. Bd2 g6 15. g5
Nh5 16. Nf3 Rac8 17. Nd1 Rce8 18. Nf2 f5 19. gxf6 Bxf6 20. Rab1 Bg7 21. Nh3 Qd7
22. b4 Nxd3 23. Qxd3 e5 24. Nxe5 Qe7 25. Qb3+ Kh8 26. Nf3 Qxe4 27. Rbe1 Qf5 28.
Rxe8 Rxe8 29. Nhg5 Bd5 30. Qd3 h6 31. Qxf5 gxf5 32. Nh3 Re2 33. Bc1 Rxc2 34.
Nhg1 Be4 35. Be3 Nf6 36. Rc1 Ra2 37. Bd4 Ng4 38. Rc8+ Kh7 0-1

[Event "XXI Ayto. de Erandio"]
[Site "Erandio"]
[Date "2012.12.26"]
[Round "4.4"]
[White "Mate Adan, Carlos"]
[Black "Porras Campo, Ruben"]
[Result "1-0"]
[WhiteElo "2255"]
[BlackElo "2093"]

1. e4 c5 2. Nc3 e6 3. f4 Nc6 4. Nf3 d6 5. d3 g6 6. g3 Bg7 7. Bg2 Nge7 8. O-O
O-O 9. Be3 b6 10. Bf2 d5 11. e5 Ba6 12. Re1 Rc8 13. Qd2 Qc7 14. g4 Bh6 15. Rac1
Na5 16. Bh4 Nec6 17. Bf6 Nd4 18. Ng5 $2 Bg7 19. Qf2 h6 20. Qh4 c4 21. Kh1 b5
22. Qf2 b4 23. Qxd4 bxc3 24. Bxg7 Kxg7 25. Nf3 cxb2 26. Qxb2 Qe7 27. Qc3 Nc6
28. d4 Qb4 29. Qe3 Ne7 30. c3 Qa3 31. Bh3 Rb8 32. f5 gxf5 33. gxf5 Nxf5 34.
Bxf5 exf5 35. Rg1+ Kh7 36. Ng5+ hxg5 37. Qxg5 Qxc1 38. Qg7# 1-0

[Event "XXI Ayto. de Erandio"]
[Site "Erandio"]
[Date "2012.12.26"]
[Round "4.5"]
[White "Perez Palma, Jesus Maria"]
[Black "Padilla Cabero, Pablo"]
[Result "0-1"]
[WhiteElo "1882"]
[BlackElo "2171"]

1. Nf3 f5 2. d4 c6 3. c4 g6 4. Nc3 Nh6 5. Bf4 d6 6. Qb3 Nf7 7. O-O-O Bg7 8. h4
Qa5 9. h5 e5 10. hxg6 hxg6 11. Rxh8+ Bxh8 12. dxe5 dxe5 13. Bd2 Nd7 14. Ne4 Qb6
15. Neg5 Qxb3 16. axb3 Nc5 17. Kc2 f4 18. Nxf7 Bf5+ 19. Kc3 Kxf7 20. Kb4 Na6+
21. Ka3 Rd8 22. e3 Bf6 23. Be2 g5 24. Bc3 Rxd1 25. Bxd1 Ke6 26. b4 Bd3 27. Nd2
Kf5 28. e4+ Ke6 29. Bg4+ Kd6 30. Bc8 Kc7 31. Be6 b6 32. Kb3 Kd6 33. Bf5 c5 34.
b5 Nc7 35. f3 Ne6 36. Ka3 Nd4 37. Bxd4 cxd4 38. b3 Be7 39. b4 g4 40. fxg4 Bh4
41. Nf3 Be2 42. Kb3 Bf1 43. c5+ bxc5 44. bxc5+ Kxc5 45. Nxe5 Kxb5 46. Ng6 Bg5
47. e5 d3 48. Kc3 d2 49. Kc2 Bxg2 50. Bd3+ Kc5 51. Kxd2 Kd5 52. Ke2 a5 53. Kf2
Bh3 54. Kf3 a4 55. Bb1 Bf1 56. e6 Kxe6 57. Nxf4+ Kd6 58. Ke4 Bc4 59. Kd4 Bg8
60. Ne2 a3 61. Ng3 Bf6+ 62. Ke4 Bb2 63. Nf5+ Kd7 0-1

[Event "XXI Ayto. de Erandio"]
[Site "Erandio"]
[Date "2012.12.26"]
[Round "4.6"]
[White "Diaz Herrero, Alvaro"]
[Black "Lopez De Castro, Joseph"]
[Result "1-0"]
[WhiteElo "2138"]
[BlackElo "1794"]

1. Nf3 f5 2. d4 Nf6 3. g3 e6 4. Bg2 Be7 5. O-O O-O 6. c4 d5 7. Qc2 c6 8. b3 Ne4
9. Ba3 Bxa3 10. Nxa3 Qe7 11. Nb1 Nd7 12. e3 Ndf6 13. Ne5 Qe8 14. f3 Ng5 15. Nd2
Qh5 16. c5 Bd7 17. b4 Nf7 18. Rae1 Rfc8 19. h3 Be8 20. g4 Qh4 21. gxf5 Nxe5 22.
dxe5 Nd7 23. fxe6 Nxe5 24. f4 Bg6 25. e4 1-0

[Event "XXI Ayto. de Erandio"]
[Site "Erandio"]
[Date "2012.12.26"]
[Round "4.7"]
[White "Llano Olabarrieta, Joseba"]
[Black "Ruiz Maraña, Alejandro"]
[Result "1/2-1/2"]
[WhiteElo "1757"]
[BlackElo "2206"]

1. e4 c6 2. d4 g6 3. Nc3 Bg7 4. Nf3 d5 5. h3 Nf6 6. Bd3 dxe4 7. Nxe4 Nxe4 8.
Bxe4 Bf5 9. Bxf5 Qa5+ 10. c3 Qxf5 11. O-O O-O 12. Re1 e6 13. Qb3 b6 14. Ne5 Rc8
15. Re3 Rf8 16. Rf3 Qe4 17. Bd2 Qd5 18. Qxd5 cxd5 19. Nd3 Nc6 20. Kf1 Rac8 21.
Rc1 Na5 22. b3 Nc6 23. Bf4 a6 24. Ne5 Nxe5 25. Bxe5 f6 26. Bd6 Rfe8 27. Rd3 Rc6
28. Ba3 Rec8 29. Bb2 Kf7 30. Ke2 Bf8 31. Rcd1 b5 32. b4 a5 33. a3 Ra8 34. Rc1
Bh6 35. Rc2 axb4 36. axb4 Ra2 37. Kd1 Ke7 38. g3 Rca6 39. h4 Ra8 40. Re2 Kd6
41. f4 Bg7 42. Kc2 R2a7 43. Red2 h6 44. g4 Rh8 45. Re2 h5 46. g5 Rf8 47. Rde3
Re8 48. Kb3 Kd7 49. Rg2 f5 50. Rge2 Bf8 51. Re1 Bd6 52. Rf3 Rea8 53. Rff1 Ra6
54. Rd1 Ra4 55. Rde1 R8a6 56. Rd1 Rc6 57. Ra1 Rca6 58. Rad1 Bc7 59. Rde1 Ra8
60. Rd1 Rf8 61. Rde1 Ra6 62. Rd1 Kc8 63. Rde1 Kb7 64. Rd1 Rc6 65. Rde1 Ra6 66.
Rd1 1/2-1/2